1985 Resource directory for youth workers. (Record no. 12476)

000 -LEADER
fixed length control field 00554nam a2200181 a 4500
001 - CONTROL NUMBER
control field :::00010278$&:&@@
003 - CONTROL NUMBER IDENTIFIER
control field OkBaRHE
005 - DATE AND TIME OF LATEST TRANSACTION
control field 20000607103357.0
008 - FIXED-LENGTH DATA ELEMENTS--GENERAL INFORMATION
fixed length control field s1985 j 000 0 eng u
040 ## - CATALOGING SOURCE
Transcribing agency
245 10 - TITLE STATEMENT
Title 1985 Resource directory for youth workers.
260 ## - PUBLICATION, DISTRIBUTION, ETC. (IMPRINT)
Place of publication, distribution, etc Nashville, TN., :
Name of publisher, distributor, etc Abingdon Press
Date of publication, distribution, etc c1985
300 ## - PHYSICAL DESCRIPTION
Extent 95 p. ;
Dimensions 27 cm.
650 ## - SUBJECT ADDED ENTRY--TOPICAL TERM
Topical term or geographic name as entry element Church Work with Youth
700 ## - ADDED ENTRY--PERSONAL NAME
Personal name Youth Specialties.
942 ## - ADDED ENTRY ELEMENTS (KOHA)
Source of classification or shelving scheme
Koha item type Books
Copies
Not for loan Barcode Permanent Location Full call number Withdrawn status Date last seen Date acquired Price effective from Damaged status Shelving location Source of classification or shelving scheme Copy number Koha item type Lost status
 10278RHEMA Bible Training CollegeBV 4447 .L8 2010-04-142010-04-142010-04-14 General Stacks 1Books